|
|
|
|
| LEADER |
00000nab a2200000 ar4500 |
| 001 |
vtls008425901 |
| 003 |
SK-MaSNL |
| 005 |
20260303065932.0 |
| 008 |
060123c2005 xo mr|p||| |000 b|slo |
| 015 |
|
|
|a SNBRB2006/01
|
| 038 |
|
|
|a SPK
|
| 040 |
|
|
|a SPKCL
|b slo
|c AACR2
|e AACR2
|
| 041 |
0 |
|
|a slo
|
| 044 |
|
|
|a xo
|c SK
|
| 080 |
|
|
|a 77.03
|x (8)
|2 UDC-MRF-SK2
|
| 080 |
|
|
|a 910
|x (8)
|2 UDC-MRF-SK2
|
| 100 |
1 |
|
|a Májková, Renata
|4 ivr
|4 aut
|9 1033560
|
| 245 |
1 |
0 |
|a Putovanie Južnou Amerikou
|c [zhovárala sa Renata Májková], Anton Fiala
|
| 300 |
|
|
|b Fotogr.
|
| 500 |
|
|
|a Údaj o zodpovednosti zistený z predchádzajúcej časti článku
|
| 650 |
0 |
7 |
|a fotografovanie
|2 snkbucl
|9 3158
|
| 650 |
0 |
7 |
|a fotografia
|2 snkbucl
|9 1694
|
| 650 |
0 |
7 |
|a cestovanie
|2 snkbucl
|9 18846
|
| 651 |
|
7 |
|a Južná Amerika
|2 spk
|9 29889
|
| 655 |
|
7 |
|a rozhovory
|2 snkbucl
|9 31831
|
| 700 |
1 |
|
|a Fiala, Anton,
|d 1955-
|4 ive
|4 aut
|9 89284
|
| 773 |
0 |
|
|t Pán učiteľ : časopis pre učiteľov, rodičov a žiakov
|g Roč. 1, č. 2 (2005), s. [30]
|x 1336-7161
|
| 852 |
|
|
|a SPK
|b KIS3GCP
|
| 999 |
|
|
|c 1753316
|d 1755246
|